000 00532nam a2200181 i 4500
001 bg
100 1 _aPIĄTKOWSKI, Adam
245 0 _aElektroniczne mierniki promieniowania jonizującego :
_bporadnik /
_cAdam Piątkowski, Waldemar Scharf.
250 _aWyd.2 przerob. i unowocz.
260 _aWarszawa :
_bWydaw. MON,
_c1979.
650 9 _aPromieniowanie jonizujące
_xpomiary
700 1 _aSCHARF, Waldemar
040 _cBPK
041 _apol
080 _a621.039
942 _cKS
008 s pl f |000 0 pol
999 _c19017
_d19017
856 _uhttp://koha.tu.koszalin.pl/cgi-bin/koha/opac-detail.pl?biblionumber=19017
_yKatalog online BPK